30 Jamaican Musical Acts by Songs - Statistics

General Stats
  • This quiz has been taken 71 times
  • The average score is 8 of 30
Answer Stats
Songs Artist/Band % Correct
Three Little Birds, Could You Be Loved, Buffalo Soldier Bob Marley & The Wailers
100%
It Wasn’t Me, Angel, Boombastic Shaggy
74%
Temperature, We Be Burnin', Get Busy Sean Paul
54%
Slave To The Rhythm, I've Seen That Face Before (Libertango), La Vie En Rose Grace Jones
37%
Cheerleader, Hula Hoop, Drop In The Ocean Omi
33%
Kung Fu Fighting, Dance The Kung Fu, Blue Eyed Soul Carl Douglas
32%
Reggae Night, I Can See Clearly Now, Wonderful World, Beautiful People Jimmy Cliff
30%
The Israelites, 007 Shanty Town, It Miek Desmond Dekker
28%
Here Comes The Hotstepper, Listen Me Tic (Woyoi), Wings With Me Ini Kamoze
26%
So Mi LIke It, Go Down Deh, Tables Turn Spice
26%
54-46 That's My Number, Pressure Drop, Funky Kingston Toots & the Maytals
25%
Murder She Wrote, Tease Me, Twist And Shout Chaka Demus & Pliers
23%
Night Nurse, Cool Down The Pace, Babylon Too Rough Gregory Isaacs
23%
Here I Come, Murderer, Too Experienced Barrington Levy
21%
Sweat (A La La La La Long), Bad Boys, Games People Play Inner Circle
21%
Bruk Off (Yuh Back), Pull Up To Mi Bumper, Gal A Bubble Konshens
21%
Bam Bam, Transport Connection, One Two Sister Nancy
21%
Family, Everything Nice, Silence Popcaan
19%
Heads High, Bruk It Down, So High Mr. Vegas
18%
You Don't Love Me (No, No, No), Night And Day, My Love Takes Over Dawn Penn
16%
Shy Guy, I Say A Little Prayer, Ain't Nobody Diana King
16%
My Boy Lollypop, Sweet William, Bloodshot Eyes Millie Small
14%
Uptown Top Ranking, No More Fighting, Going To Negril Althea & Donna
12%
Dream Land, Mellow Mood, Fighting Against Conviction Bunny Wailer
12%
Here Comes Trouble, Skankin' Sweet, Smile Jamaica Chronixx
12%
No Letting Go, Bounce Along, Saddest Day Wayne Wonder
12%
Disco Devil, Having A Party, Panic In Babylon Lee "Scratch" Perry
11%
Electric Boogie, Don't Let Me Down, Feel Like Jumping Marcia Griffiths
11%
I'm Still In Love, You've Made Me So Very Happy, What Does It Take (To Win Your Love) Alton Ellis
9%
Rivers Of Babylon, Sweet Sensation, I Will Get Along Without You The Melodians
7%
No matching quizzes found
Score Distribution
Percent of People with Each Score
Percentile by Number Answered
Your Score History
You have not taken this quiz